| 000 | 00575nam a22002177a 4500 | ||
|---|---|---|---|
| 001 | 00028559 | ||
| 005 | 20260313094521.0 | ||
| 008 | 260313b ag ||||| |||| 00| 0 spa d | ||
| 020 | _a9788492400072 | ||
| 040 |
_aAR-CcCEOS _bspa _cAR-CcCEOS |
||
| 041 | _aspa | ||
| 080 | _a840-3 | ||
| 090 | _bKES | ||
| 100 | 1 |
_aKessel, Joseph, _d1898-1979 _9885 |
|
| 245 |
_aViento de arena / _cJoseph Kessel |
||
| 250 | _a1ª ed. | ||
| 264 |
_aBarcelona : _bInédita, _cc2008. |
||
| 300 |
_a181 p. ; _c24x15 cm. |
||
| 655 | 0 |
_aliteratura francesa _9429 _vnovela |
|
| 942 |
_2udc _cBK _n0 |
||
| 999 |
_c28589 _d28589 |
||